Normal view
MARC view
Entry Topical Term
001 - CONTROL NUMBER
- control field: 33226
003 - CONTROL NUMBER IDENTIFIER
- control field: OSt
005 - DATE AND TIME OF LATEST TRANSACTION
- control field: 20260703163411.0
008 - FIXED-LENGTH DATA ELEMENTS
- fixed length control field: 260703|| aca||aabn | a|a d
040 ## - CATALOGING SOURCE
- Original cataloging agency: OSt
- Transcribing agency: OSt
150 ## - HEADING--TOPICAL TERM
- Topical term or geographic name entry element: Authors, -- American -- 20th Century -- biography -- juvenile literature
670 ## - SOURCE DATA FOUND
- Source citation: Work cat.: (OSt)26233: Kehret Peg 33225, Five page a days: a writer's journey , 2002
